000 00563nam a2200181Ia 4500
008 100917s9999 xx 000 0 und d
082 _b12455
100 _aकोंडके दादा
245 _aआंधळा मारतो डोळा
260 _bविश्मकर्मा साहित्यालय
_c1973
300 _a94
365 _b3
520 _aनाटक
630 _aआंधळा मारतो डोळा
650 _aनाटक
730 _aआंधळा मारतो डोळा
942 _cBOOK
999 _c617849
_d617846